The Worst Quiz on Jetpunk 2: Electric Boogaloo - Statistics

General Stats
  • This quiz has been taken 7 times
  • The average score is 4 of 14
Answer Stats
Hint Answer % Correct
What political ideology did Pablo Picasso favor? Communism
75%
Why are you still here? I don't know
75%
What's the name of the deer image on the first quiz? Bob
50%
Rental price of Liechtenstein $70,000
50%
.-- .... .- - / .. ... / - .... . / -.-. .- .--. .. - .- .-.. / --- ..-. / .-.. .. . -.-. .... - . -. ... - . .. -. ..--.. Vaduz
50%
ਸ਼੍ਰੀਲੰਕਾ ਦੀ ਰਾਜਧਾਨੀ ਤਿੱਬਤੀ ਵਿੱਚ ਪਿੱਛੇ ਹੈ ཨིརས་ཨརུཔནེདྲཝཡཇ་
25%
What is the population of question 2? 4
25%
Hubert Blaine Wolfeschlegelsteinhausenbergerdorff Sr.'s full name Adolph Blaine Charles David Earl Frederick Gerald Hubert Irvin John Kenneth Lloyd Martin Nero Oliver Paul Quincy Randolph Sherman Thomas Uncas Victor William Xerxes Yancy Zeus Wolfeschlegel­steinhausen­bergerdorff­welche­vor­altern­waren­gewissenhaft­schafers­wessen­schafe­waren­wohl­gepflege­und­sorgfaltigkeit­beschutzen­vor­angreifen­durch­ihr­raubgierig­feinde­welche­vor­altern­zwolfhundert­tausend­jahres­voran­die­erscheinen­von­der­erste­erdemensch­der­raumschiff­genacht­mit­tungstein­und­sieben­iridium­elektrisch­motors­gebrauch­licht­als­sein­ursprung­von­kraft­gestart­sein­lange­fahrt­hinzwischen­sternartig­raum­auf­der­suchen­nachbarschaft­der­stern­welche­gehabt­bewohnbar­planeten­kreise­drehen­sich­und­wohin­der­neue­rasse­von­verstandig­menschlichkeit­konnte­fortpflanzen­und­sich­erfreuen­an­lebenslanglich­freude­und­ruhe­mit­nicht­ein­furcht­vor­angreifen­vor­anderer­intelligent­geschopfs­von­hinzwischen­sternartig­raum Sr.
25%
Driving distance between Tripoli and London in micrometers 2332969436160
0%
allinllachu, ama hina kaspa kay tapukuyta hmong simipi kutichiy nyob zoo
0%
City in which Steam/mobile game "Monolisk" was developed Prague
0%
What is the 29th word in Of Mice and Men? slipped
0%
What does questing beast do? (only input keywords and main blob of text) Vigilance Deathtouch Haste Questing Beast can't be blocked by creatures with power 2 or less. Combat damage that would be dealt by creatures you control can't be prevented. Whenever Questing Beast deals combat damage to an opponent, it deals that much damage to target planeswalker that player controls.
0%
rickroll me We're no strangers to love
You know the rules and so do I (do I)
A full commitment's what I'm thinking of
You wouldn't get this from any other guy
I just wanna tell you how I'm feeling
Gotta make you understand
Never gonna give you up
Never gonna let you down
Never gonna run around and desert you
Never gonna make you cry
Never gonna say goodbye
Never gonna tell a lie and hurt you
We've known each other for so long
Your heart's been aching, but you're too shy to say it (say it)
Inside, we both know what's been going on (going on)
We know the game and we're gonna play it
And if you ask me how I'm feeling
Don't tell me you're too blind to see
Never gonna give you up
Never gonna let you down
Never gonna run around and desert you
Never gonna make you cry
Never gonna say goodbye
Never gonna tell a lie and hurt you
Never gonna give you up
Never gonna let you down
Never gonna run around and desert you
Never gonna make you cry
Never gonna say goodbye
Never gonna tell a lie and hurt you
We've known each other for so long
Your heart's been aching, but you're too shy to say it (to say it)
Inside, we both know what's been going on (going on)
We know the game and we're gonna play it
I just wanna tell you how I'm feeling
Gotta make you understand
Never gonna give you up
Never gonna let you down
Never gonna run around and desert you
Never gonna make you cry
Never gonna say goodbye
Never gonna tell a lie and hurt you
Never gonna give you up
Never gonna let you down
Never gonna run around and desert you
Never gonna make you cry
Never gonna say goodbye
Never gonna tell a lie and hurt you
Never gonna give you up
Never gonna let you down
Never gonna run around and desert you
Never gonna make you cry
Never gonna say goodbye
Never gonna tell a lie and hurt you
0%
No matching quizzes found
Score Distribution
Percent of People with Each Score
Percentile by Number Answered
Your Score History
You have not taken this quiz